| 000 | 00719cam a22002053a 4500 | ||
|---|---|---|---|
| 001 | 35581 | ||
| 003 | PGUSA | ||
| 005 | 20140828083751.0 | ||
| 008 | 110315s2011||||xxu|||||s|||||000 | eng d | ||
| 040 |
_aPGUSA _beng |
||
| 042 | _adc | ||
| 100 | 1 |
_aCarnahan, James R. _q(James Richards), _d1840-1905 |
|
| 245 | 1 | 0 |
_aPersonal Recollections of Chickamauga : _bA Paper Read before the Ohio Commandery of the Military Order of the Loyal Legion of the United States _h[electronic resource] / _cJames R. Carnahan |
| 260 |
_bProject Gutenberg, _c2011 |
||
| 506 | _aPublic domain in the USA. | ||
| 516 | _aElectronic text | ||
| 830 | 0 |
_aProject Gutenberg _v35581 |
|
| 856 | 4 | 0 | _uhttp://www.gutenberg.org/ebooks/35581 |
| 942 | _cEB | ||
| 999 |
_c264836 _d264836 |
||